Statistics for Total Drama Action Elimination Order

Click here to take the quiz!

General Stats

  • This quiz has been taken 20 times
  • The average score is 12 of 16

Answer Stats

HintAnswer% Correct
Runner-UpBeth
91%
WinnerDuncan
91%
Tie for 16thGeoff / Bridgette
91%
10thOwen
82%
4thCourtney
73%
5thHarold
73%
9thHeather
73%
11thIzzy
73%
8thLeshawna
73%
6thLindsay
73%
14thTrent
73%
12thDJ
64%
15thIzzy
64%
7thJustin
64%
3rdOwen
64%
13thGwen
55%

Score Distribution

Percentile by Number Answered

Percent of People with Each Score

Your Score History

You have not taken this quiz